| 000 | 00924nam a2200289 i 4500 | ||
|---|---|---|---|
| 001 | 000028632 | ||
| 003 | DO-SdBNP | ||
| 005 | 20250306140824.0 | ||
| 007 | ta | ||
| 008 | 110411d2004 dr 000 0 spa d | ||
| 020 | _a9993477559 | ||
| 040 |
_aDO-SdBNP _bspa _cBNPHU _erda |
||
| 041 | _aspa | ||
| 082 | 4 |
_a0 _b0 _222 |
|
| 110 | 1 |
_aUniversidad Autónoma de Santo Domingo _bVicerectoría de Investigación y Postgrado _972951 |
|
| 245 | 1 | 0 | _aCatálogo de postgrado 2004-2005. |
| 246 | 1 | 4 | _aCatálogo de postgrado 2003-2005. |
| 264 | 4 |
_aSanto Domingo : _bUniversitaria-UASD, _c©2004. |
|
| 300 |
_a152 páginas ; _c24 cm. |
||
| 336 |
_atexto _btxt _2rdacontent |
||
| 337 |
_asin mediación _bn _2rdamedia |
||
| 338 |
_avolumen _bnc _2rdacarrier |
||
| 490 | 0 |
_aPublicaciones de la Universidad Autónoma de Santo Domingo ; _v1098 |
|
| 500 | _a466 Aniversario UASD | ||
| 590 | _aInventariado, 2019/VM | ||
| 942 |
_2ddc _cLBS1 |
||
| 999 |
_c28124 _d28124 |
||